000 00291nam a2200109Ia 4500
008 200619s9999 xx 000 0 und d
082 _a305.56BAN
100 _aBandyopadhyay Sekhar
245 4 _aThe Namsudra Movement
942 _cIR
999 _c119863
_d119863